Mask And The Message (Record no. 216636)

MARC details
000 -LEADER
fixed length control field 00736nam a22002537a 4500
005 - DATE AND TIME OF LATEST TRANSACTION
control field 20211021154233.0
008 - FIXED-LENGTH DATA ELEMENTS--GENERAL INFORMATION
fixed length control field 211021b ||||| |||| 00| 0 eng d
040 ## - CATALOGING SOURCE
Transcribing agency AL
041 ## - LANGUAGE CODE
Language code of text/sound track or separate title eng
082 ## - DEWEY DECIMAL CLASSIFICATION NUMBER
Edition number 23
Classification number 398.2
Item number GOWM
100 ## - MAIN ENTRY--PERSONAL NAME
Personal name K Chinnappa Gowda
9 (RLIN) 1461
245 ## - TITLE STATEMENT
Title Mask And The Message
260 ## - PUBLICATION, DISTRIBUTION, ETC.
Place of publication, distribution, etc. Mangalagangothri
Name of publisher, distributor, etc. Mudipu Prakashana
Date of publication, distribution, etc. 2005
300 ## - PHYSICAL DESCRIPTION
Extent xviii,271 p.
Other physical details HB
Dimensions 22x14 cm.
365 ## - TRADE PRICE
Price amount 297.50
Currency code
Unit of pricing 350.00
Price effective from 11-10-2021
650 ## - SUBJECT ADDED ENTRY--TOPICAL TERM
Topical term or geographic name entry element Folklore Studies
9 (RLIN) 1462
650 ## - SUBJECT ADDED ENTRY--TOPICAL TERM
Topical term or geographic name entry element Collection of Research Papers
9 (RLIN) 1463
650 ## - SUBJECT ADDED ENTRY--TOPICAL TERM
Topical term or geographic name entry element Folk Songs
9 (RLIN) 1464
650 ## - SUBJECT ADDED ENTRY--TOPICAL TERM
Topical term or geographic name entry element Siri
9 (RLIN) 1465
650 ## - SUBJECT ADDED ENTRY--TOPICAL TERM
Source of heading or term Karangoolu
650 ## - SUBJECT ADDED ENTRY--TOPICAL TERM
Topical term or geographic name entry element Finnish Indian Folklore Projects
9 (RLIN) 1466
700 ## - ADDED ENTRY--PERSONAL NAME
Personal name GOWDA (K Chinnappa)
9 (RLIN) 1467
942 ## - ADDED ENTRY ELEMENTS (KOHA)
Source of classification or shelving scheme Dewey Decimal Classification
Koha item type Book
Holdings
Withdrawn status Lost status Source of classification or shelving scheme Damaged status Not for loan Collection code Home library Current library Date acquired Source of acquisition Cost, normal purchase price Total Checkouts Full call number Barcode Date due Date last seen Date last checked out Cost, replacement price Price effective from Koha item type
    Dewey Decimal Classification     English St Aloysius Library St Aloysius Library 10/21/2021 Dr K Chinnappa Gowda, Asaigoli, Mangaluru-574199 297.50 5 398.2 GOWM 075038 08/22/2026 04/24/2026 04/24/2026 350.00 10/21/2021 Book